<?xml version="1.0" encoding="UTF-8"?><?xml-stylesheet type="text/xsl" href="static/style.xsl"?><OAI-PMH xmlns="http://www.openarchives.org/OAI/2.0/" xmlns:xsi="http://www.w3.org/2001/XMLSchema-instance" xsi:schemaLocation="http://www.openarchives.org/OAI/2.0/ http://www.openarchives.org/OAI/2.0/OAI-PMH.xsd"><responseDate>2026-06-05T12:58:43Z</responseDate><request verb="GetRecord" identifier="oai:riuma.uma.es:10630/29362" metadataPrefix="marc">https://riuma.uma.es/rest/oai/request</request><GetRecord><record><header><identifier>oai:riuma.uma.es:10630/29362</identifier><datestamp>2026-02-03T11:35:27Z</datestamp><setSpec>com_10630_2254</setSpec><setSpec>col_10630_37953</setSpec></header><metadata><record xmlns="http://www.loc.gov/MARC21/slim" xmlns:dcterms="http://purl.org/dc/terms/" xmlns:doc="http://www.lyncode.com/xoai" xmlns:xsi="http://www.w3.org/2001/XMLSchema-instance" xsi:schemaLocation="http://www.loc.gov/MARC21/slim http://www.loc.gov/standards/marcxml/schema/MARC21slim.xsd">
   <leader>00925njm 22002777a 4500</leader>
   <datafield ind2=" " ind1=" " tag="042">
      <subfield code="a">dc</subfield>
   </datafield>
   <datafield ind2=" " ind1=" " tag="720">
      <subfield code="a">Soto-Navarro, Francisco Javier</subfield>
      <subfield code="e">author</subfield>
   </datafield>
   <datafield ind2=" " ind1=" " tag="720">
      <subfield code="a">Criado-Aldeanueva, Francisco</subfield>
      <subfield code="e">author</subfield>
   </datafield>
   <datafield ind2=" " ind1=" " tag="720">
      <subfield code="a">Sánchez-Garrido, José Carlos</subfield>
      <subfield code="e">author</subfield>
   </datafield>
   <datafield ind2=" " ind1=" " tag="720">
      <subfield code="a">García-Lafuente, Jesús</subfield>
      <subfield code="e">author</subfield>
   </datafield>
   <datafield ind2=" " ind1=" " tag="260">
      <subfield code="c">2012-01-13</subfield>
   </datafield>
   <datafield ind2=" " ind1=" " tag="520">
      <subfield code="a">A total of 5077 Argo float profiles in the period 01/2002-05/2010 have been used to analyze salinity and temperature trends in the Atlantic waters adjacent to the Strait of Gibraltar in order to identify the source of recent changes observed in the inflow to the Mediterranean Sea. Positive salinity trends of 0.038 +/- 0.009 psu/year and 0.013 +/- 0.003 psu/year have been found for the Surface Atlantic Water and the Eastern North Atlantic Central Water, respectively. For temperature, no significant trend is  observed in the surface layer while positive trend of 0.05 +/- 0.02 °C/year is obtained for the thermocline waters. The Mediterranean Water layer does not show any significant trend for the entire period, but a switch from positive to negative trends is observed in year 2006. In contrast to previous findings, these thermohaline variations are driven by intrinsic water masses changes, instead of isopycnal vertical displacements, proba- bly related to an enhancement of the net freshwater losses in the area.</subfield>
   </datafield>
   <datafield ind1="8" ind2=" " tag="024">
      <subfield code="a">Soto-Navarro, J., F. Criado-Aldeanueva, J. C. Sánchez-Garrido, and J. García-Lafuente (2012), Recent thermohaline trends of the Atlantic waters inflowing to the Mediter- ranean Sea, Geophys. Res. Lett., 39, L01604, doi:10.1029/ 2011GL049907.</subfield>
   </datafield>
   <datafield ind1="8" ind2=" " tag="024">
      <subfield code="a">https://hdl.handle.net/10630/29362</subfield>
   </datafield>
   <datafield ind1="8" ind2=" " tag="024">
      <subfield code="a">10.1029/ 2011GL049907</subfield>
   </datafield>
   <datafield tag="653" ind2=" " ind1=" ">
      <subfield code="a">Circulación oceánica</subfield>
   </datafield>
   <datafield tag="653" ind2=" " ind1=" ">
      <subfield code="a">Corrientes marinas</subfield>
   </datafield>
   <datafield tag="653" ind2=" " ind1=" ">
      <subfield code="a">Mares y océanos - Temperatura</subfield>
   </datafield>
   <datafield tag="653" ind2=" " ind1=" ">
      <subfield code="a">Mares y océanos - Salinidad</subfield>
   </datafield>
   <datafield ind2="0" ind1="0" tag="245">
      <subfield code="a">Recent thermohaline trends of the Atlantic waters inflowing to the Mediterranean Sea.</subfield>
   </datafield>
</record>
</metadata></record></GetRecord></OAI-PMH>